00303nam a2200109Ia 4500008004100000245008800041260002000129260000900149300000900158500001300167650001300180170224s9999 xx 000 0 und d aFew U.S. schools of nursing on campuses with smoke-free policies: A Call for Action bNursing Outlook c2016 a64:3 aMay-June xNursing.